| 000 | 00838nam a22002657a 4500 | ||
|---|---|---|---|
| 001 | 6787 | ||
| 003 | FISKH | ||
| 005 | 20250528110938.0 | ||
| 008 | 250528b cb ||||| |||| 00| 0 eng d | ||
| 020 | _a9781405336758 | ||
| 040 |
_aFISKH _beng _cFISKH _dFISKH |
||
| 050 | _aGB662.W66 | ||
| 082 | _a553.7 | ||
| 100 | _aWoodward, John | ||
| 245 |
_aWater : _bFree clipart CD & wallchart / _cWritten by John Woodward |
||
| 250 | _aFirst published in 2009 | ||
| 260 |
_aLondon : _bDorling Kindersley Limited , _c2009. |
||
| 300 |
_a72 pages : _bcolor illustrations, maps ; _c28 cm . |
||
| 490 | _aEyewitness | ||
| 520 | _aTakes a look at the role of water in our bodies, our cultures, and our world. | ||
| 650 |
_aArt and design _vNon-fiction |
||
| 700 |
_aHynes, Margaret _eProject editor |
||
| 942 |
_2ddc _cBK _n0 |
||
| 999 |
_c6787 _d6787 |
||